000 00627nam a2200181 i 4500
001 134400
003 ES-MaACL
005 20231206063241.0
007 t|
008 070910s1921 sp ||||1| spa d
100 1 _aXirau, Joaquín,
_d1895-1946
_9117516
245 1 0 _aLeibniz
_b: las condiciones de la verdad eterna (tesis doctoral) /
_cpor Joaquín Xirau Palau.
260 _aBarcelona :
_b[s.n.],
_c1921 (
_fImp. Pedro Ortega)
300 _a45 p. ;
_c24 cm.
600 1 4 _aLeibniz, Gottfried Wilhelm
_cFreiherr von-
_xCrítica e interpretación.
_971369
852 _aES-MaACL
_j1721-F-4
999 _c134400
_d134400